| 000 | 01475 a2200205 4500 | ||
|---|---|---|---|
| 020 | _a0444876189 (U.S.) | ||
| 035 | _a3177298 | ||
| 040 |
_aDLC _bDLC |
||
| 245 | 1 | 0 |
_aComputer security: a global challenge : proceedings of the Second IFIP International Conference on Computer Security, IFIP/Sec'84, Toronto, Ontario, Canada, 10-12 September, 1984 _b: a global challenge : proceedings of the Second IFIP International Conference on Computer Security, IFIP/Sec'84, Toronto, Ontario, Canada, 10-12 September, 1984 _cedited by James H. Finch and E. Graham Dougall. |
| 260 |
_aAmsterdam _a; New York _b: North-Holland _a; New York, N.Y. _b: Sole distributors for the U.S.A. and Canada, Elsevier Science Pub. Co., _c1984. |
||
| 300 |
_axix, 580 p. _b: ill. _c; 24 cm. |
||
| 500 | _aOrganized by the Toronto Chapter of the Canadian Information Processing Society under the auspices of the International Federation for Information Processing (IFIP) Technical Committee 11: Security and Protection in Information Processing Systems. | ||
| 650 | 0 |
_aComputer security _xCongresses. |
|
| 650 | 0 |
_aElectronic data processing departments _xSecurity measures _xCongresses. |
|
| 700 | 1 | 0 | _aFinch, James H. |
| 700 | 1 | 0 | _aDougall, E. Graham. |
| 710 | 2 | 0 |
_aInternational Federation for Information Processing _b. Technical Committee 11: Security and Protection in Information Processing Systems. |
| 710 | 2 | 0 |
_aCanadian Information Processing Society _b. Toronto Chapter. |
| 942 |
_cBK _k005.8 FIN _2ddc |
||
| 999 |
_c6694 _d6694 |
||